Southville International School and Colleges
Your cart is empty.
  • Cart
  • Lists
    Public lists Eva Luna New books Lux_list list_1
    Your lists Log in to create your own lists
  • Log in to your account
  • Your cookies
  • Search history
Southville International School and Colleges
  • Advanced search
  • Recent comments
  • Most popular
  • Libraries

Log in to your account

Log in with GOOGLE


If you do not have an external account, but do have a local account, you can still log in:

  1. Home
  2. MARC view: Menarche and menstruation through the eyes of pubescent students in Eastern Taiwan :
Normal view MARC view ISBD view

Menarche and menstruation through the eyes of pubescent students in Eastern Taiwan : (Record no. 121393)

[ view plain ]
MARC details
000 -LEADER
fixed length control field 00685nam a2200205Ia 4500
008 - FIXED-LENGTH DATA ELEMENTS--GENERAL INFORMATION
fixed length control field 140626s9999 xx 000 0 und d
100 ## - MAIN ENTRY--PERSONAL NAME
Personal name Chang-Yu Ting.
245 ## - TITLE STATEMENT
Title Menarche and menstruation through the eyes of pubescent students in Eastern Taiwan :
Remainder of title implications in sociocultural influence and gender differences issues /
Statement of responsibility, etc Chang-Yu Ting ... [et al.].
260 ## - PUBLICATION, DISTRIBUTION, ETC. (IMPRINT)
Date of publication, distribution, etc c2013.
300 ## - PHYSICAL DESCRIPTION
Extent 21 : 1, page 10
440 ## - SERIES STATEMENT/ADDED ENTRY--TITLE
Title The Journal of Nursing Research (JNR)
521 ## - TARGET AUDIENCE NOTE
Target audience note
650 ## - SUBJECT ADDED ENTRY--TOPICAL TERM
Topical term or geographic name as entry element Gender differences.
650 ## - SUBJECT ADDED ENTRY--TOPICAL TERM
Topical term or geographic name as entry element Menstruation.
650 ## - SUBJECT ADDED ENTRY--TOPICAL TERM
Topical term or geographic name as entry element Perspectives.
650 ## - SUBJECT ADDED ENTRY--TOPICAL TERM
Topical term or geographic name as entry element Pubescent.
650 ## - SUBJECT ADDED ENTRY--TOPICAL TERM
Topical term or geographic name as entry element Qualitative research.
650 ## - SUBJECT ADDED ENTRY--TOPICAL TERM
Topical term or geographic name as entry element Sociocultural.
942 ## - ADDED ENTRY ELEMENTS (KOHA)
Koha item type Periodicals
Holdings
Withdrawn status Lost status Damaged status Home library Current library Shelving location Date acquired Total Checkouts Barcode Date last seen Price effective from Koha item type
      College Library College Library Periodical Section 06/26/2014   S0501 06/26/2014 06/26/2014 Periodicals

Menarche and menstruation through the eyes of pubescent students in Eastern Taiwan :

APA

Chang-Yu Ting, . (2013). Menarche and menstruation through the eyes of pubescent students in Eastern Taiwan. : .

Chicago

Chang-Yu Ting, . 2013. Menarche and menstruation through the eyes of pubescent students in Eastern Taiwan. : .

Harvard

Chang-Yu Ting, . (2013). Menarche and menstruation through the eyes of pubescent students in Eastern Taiwan. : .

MLA

Chang-Yu Ting, . Menarche and menstruation through the eyes of pubescent students in Eastern Taiwan. : . 2013.

  • Place hold
  • Print
  • Cite
  • Add to your cart (remove)
  • Save record
    BIBTEX Dublin Core MARCXML MARC (non-Unicode/MARC-8) MARC (Unicode/UTF-8) MARC (Unicode/UTF-8, Standard) MODS (XML) RIS
  • More searches
    Search for this title in:
    Other Libraries (WorldCat) Other Databases (Google Scholar) Online Stores (Bookfinder.com) Open Library (openlibrary.org)

Exporting to Dublin Core...

SOUTHVILLE LIBRARY

Southville International School and Colleges Library

1281 Tropical Ave. Cor. Luxembourg St., BF Homes International, Las Pinas City

Tel. No. 8256374 / 252358 Loc. 117/146

Powered by Koha